000 01704nam a2200241 4500
999 _c61490
_d61490
003 Ge_BSU
005 20240319153550.0
008 240319s1955 ge ||||| |||| 00| 0 geo d
041 _ageo
080 _a902(479.22) (049.32) მ-97
245 _aმცხეთა :
_bარქეოლოგიური კვლევა-ძიების შედეგები. არმაზისხევის არქეოლოგიური ძეგლები 1937-1946 წ.წ. განათხარის მიხედვით. ტ. 1 /
_cა. აფაქიძე, გ. გობეჯიშვილი, ა. კალანდაძე, გ. ლომთათიძე; [რედ.: გ. ჩუბინაშვილი]; საქ. სსრ მეცნ. აკად., ივ. ჯავახიშვილის სახ. ისტორიის ინ-ტი.
264 _aთბილისი :
_bსაქ. სსრ მეცნ. აკად. გამ-ბა და სტ.,
_c1955.
300 _a253 გვ. :
_b61ფ. ტაბულ.
_c38 სმ.
501 _aგაშლ. თავფ. რუს. ენ.
505 _aბიბლიოგრაფია: გვ. 215-23.
520 _aრეზ. რუს. ენ.
653 _aარქეოლოგიური გათხრები მცხეთაში.
700 _aაფაქიძე, ა.
_eავტორი
_921473
700 _aგობეჯიშვილი, გ.
_eავტორი
_919241
700 _aკალანდაძე, ა.
_eავტორი
_917831
700 _aლომთათიძე, გ.
_eავტორი
_917832
942 _2udc
_cᲬᲘᲒᲜᲘ